000 00333nam a2200121Ia 4500
008 220204s9999 xx 000 0 und d
082 _a338.436
_bGAN
100 _aGANORKAR, P L
245 0 _aYouth participants in agriculture and development.
260 _aAllahabad
_bChugh
_c1978
650 _aAgricultural development
942 _cBK
999 _c32016
_d32016